| 000 | 00596nam a2200205 i 4500 | ||
|---|---|---|---|
| 001 | 000037212 | ||
| 003 | DO-SdBNP | ||
| 005 | 20240510144038.0 | ||
| 007 | ta | ||
| 008 | 120305s1946 ag 000 0 spa d | ||
| 040 |
_aDO-SdBNP _bspa _cBNPHU _erda |
||
| 082 | 4 |
_bE89o _222 |
|
| 245 | 0 | 0 |
_aObras dramáticas de Eurípides. / _cCarlos Otfrido Müller, compilador. |
| 260 |
_aBuenos Aires, : _bEl ateneo, _c1946. |
||
| 300 |
_a1091 páginas ; _c20 cm. |
||
| 490 | 1 | _aTrágicos griegos | |
| 700 | 1 |
_aOtfrido Müller, Carlos _ecomp. _963629 |
|
| 830 | 0 |
_aTrágicos griegos _947536 |
|
| 942 |
_2ddc _cLBS1 |
||
| 999 |
_c36702 _d36702 |
||